000 01161nam a2200337#a 4500
001 02020
003 HDC
007 ta
008 230623s2013 xx 000 0 eng d
020 _a9780071314558 (pbk)
040 _aHDC
050 _aHD30.4
_b .B355 2013
100 _aBaldwin, Timothy T.
245 0 _aManaging organizational behavior :
_bwhat great managers know and do /
_cTimothy T. Baldwin, William H. Bommer, Robert S. Rubin.
250 _a2nd ed.
264 _aNew York :
_bMcGraw-Hill Irwin,
_cc2013.
300 _axxxvi,584p. :
_b ill., map ;
_c 28cm.
500 _aRev. ed. of: Developing management skills : what great managers know and do / Timothy T. Baldwin, William H. Bommer, Robert S. Rubin. 2008
504 _aIncludes bibliographical references and indexes.
650 _aExecutive ability.
650 _aManagement
_xStudy and teaching.
650 _aOrganizational behavior.
700 _aBaldwin, Timothy T.
_tDeveloping management skills.
700 _aBommer, William.
700 _aRubin, Robert S.
700 _aRubin, Robert S.
942 _2lcc
942 _cBK
942 _kHD30.4
942 _m .B355 2013
999 _c23580
_d23580